000 00417nam a2200145Ia 4500
005 20251222153619.0
008 251222s9999||||xx |||||||||||||| ||spa||
020 _a9786124113543
082 _a345.71/E91
100 _aEsquivel Oviedo, Juan Carlos
245 0 _aLas Medidas Cautelares y los Procesos de Ejecución en la Jurisprudencia (2009-2010)
250 _a1ra.ed.
264 _bGaceta Jurídica
942 _cLIB
999 _c31910
_d31910